Do elections promote conflict? A quantitative text analysis of postwar Iraqi news coverage (Record no. 529966)
[ view plain ]
| 000 -LEADER | |
|---|---|
| fixed length control field | 01466nam a22001457a 4500 |
| 008 - FIXED-LENGTH DATA ELEMENTS--GENERAL INFORMATION | |
| fixed length control field | 250516b ||||| |||| 00| 0 eng d |
| 100 ## - MAIN ENTRY--PERSONAL NAME | |
| Personal name | Yamao, Dai |
| 245 ## - TITLE STATEMENT | |
| Title | Do elections promote conflict? A quantitative text analysis of postwar Iraqi news coverage |
| 260 ## - PUBLICATION, DISTRIBUTION, ETC. (IMPRINT) | |
| Place of publication, distribution, etc | The Developing Economics |
| 300 ## - PHYSICAL DESCRIPTION | |
| Extent | 63(1), Mar,2025: p.70-96 |
| 520 ## - SUMMARY, ETC. | |
| Summary, etc | This article seeks to investigate whether conflict-motivating coverage in newspapers increases during the election period, employing a quantitative text analysis of several major newspapers in postwar Iraq. In the aftermath of the war in Iraq, the exclusion or inclusion of the former Baathist regime emerged as one of the most contentious issues in elections. Consequently, this study analyzes how the exclusion or inclusion of the former regime was asserted during election periods and the degree of emphasis in reporting, aiming to identify conflict-inspiring coverage during elections. The analysis encompasses over 500,000 articles from various prominent newspapers. In summary, while election cycles typically feature coverage that denies inclusiveness and exacerbates fragmentation, official government-affiliated newspapers tend to consistently underscore inclusiveness, even during election periods.- Reproduced https://onlinelibrary.wiley.com/doi/10.1111/deve.12422 |
| 650 ## - SUBJECT ADDED ENTRY--TOPICAL TERM | |
| Topical term or geographic name as entry element | Election, Iraq, Exclusion, Text analysis LSS. |
| 9 (RLIN) | 53213 |
| 773 ## - HOST ITEM ENTRY | |
| Main entry heading | The Developing Economics |
| 942 ## - ADDED ENTRY ELEMENTS (KOHA) | |
| Item type | Articles |
| Withdrawn status | Lost status | Source of classification or shelving scheme | Damaged status | Not for loan | Permanent location | Current location | Date acquired | Serial Enumeration / chronology | Barcode | Date last seen | Koha item type |
|---|---|---|---|---|---|---|---|---|---|---|---|
| Indian Institute of Public Administration | Indian Institute of Public Administration | 2025-05-16 | 63(1), Mar,2025: p.70-96 | AR135789 | 2025-05-16 | Articles |
